000 00639cam a2200217 4500
001 8348
005 20250310145038.0
008 020215s2003 caua b 001 0 eng
010 _a 2002102411
020 _a9789354660177
082 0 0 _a302.2 HAS
_23rd ed.
100 1 _aHasan, Seema.
245 1 0 _aMass communication :
_bprinciples and concepts /
_cHasan, Seema.
250 _a3rd ed.
260 _aNew Delhi :
_bCBS Publishers,
_c2022.
300 _aix, 857 p. :
_bill. ;
_c28 cm.
440 0 _aMass communication.
504 _aIncludes bibliographical references and indexes.
650 0 _aMass communication.
942 _2ddc
_cMAIN
999 _c10141
_d10142